000 00666cam a2200241 4500
001 J483
008 090401t1991 xxu||||| |||| 00| 0 eng d
035 _a(Sirsi) u75252
041 _aeng
050 _a333.33
110 _aNational Association of Estate Agents
_9886
245 _aSecurity.
260 _aWarwick
_bNational Association of Estate Agents
_c1991
300 _a1 sheet ; 30cm.
350 _a0
520 _aIssued after the disappearance of Suzy Lamplugh.
650 _aESTATE AGENCY
650 _aPERSONAL SAFETY
650 _aWOMEN
690 _aMANAGEMENT-BUSINESS MANAGEMENT-PROFESSIONAL PRACTICE
942 _n0
948 _c04/03/1997
999 _c95978
_d95978